Lịch sử văn học Nga
Na minha lista:
| Formato: | Livro |
|---|---|
| Publicado em: |
H.
Nxb. Đại học Trung học chuyên nghiệp
1982
|
| Tags: |
Adicionar Tag
Sem tags, seja o primeiro a adicionar uma tag!
|
| Thư viện lưu trữ: | Mạng thư viện Đại học Đà Nẵng |
|---|
| LEADER | 00716nam a2200205 4500 | ||
|---|---|---|---|
| 001 | 000014554 | ||
| 003 | 10924 | ||
| 005 | 20150812150855.0 | ||
| 008 | 120507s1982 sd | ||
| 245 | 0 | 0 | |a Lịch sử văn học Nga |c Đỗ Hồng Chung, Nguyễn Hải Hà, Nguyễn Trường Lịch |
| 260 | |a H. |b Nxb. Đại học Trung học chuyên nghiệp |c 1982 | ||
| 774 | |a Đỗ Hồng Chung |d Đại học và trung học chuyên nghiệp |d H. |d 1982 |g T. 1=01 |h 527tr |n Thư mục cuối sách |w 10923 | ||
| OWN | |a LSP | ||
| 999 | |a From the UDN01 | ||
| TYP | |a Monograph | ||
| TYP | |a Printed language | ||
| 980 | |a Mạng thư viện Đại học Đà Nẵng | ||